000
00281nam a2200097Ia 4500
001
1251370
005
20251031150914.0
008
251031s9999 xx 000 0 und d
245
0
_c
SORREL ANDERSON
_a
S-1 SAKAR FARELER OKULU KARIŞTIRIYOR
260
_b
TÜRKİYE İŞ BANKASI YAYINLARI
999
_c
1251370
_d
1251370